Green Day Lyrics - ¿Viva la Gloria? (Little Girl) - Statistics

General Stats
  • This quiz has been taken 42 times
  • The average score is 194 of 229
Answer Stats
¿Viva la Gloria? % Correct
a
100%
are
100%
cryin'
100%
girl,
100%
is
100%
Little
100%
little
100%
one,
100%
why
100%
you
100%
your
100%
Your
100%
heart
97%
in
97%
In
97%
So
97%
away
93%
dyin'
93%
no
93%
Of
93%
of
93%
Run
93%
soul,
93%
soul
93%
to
93%
and
90%
And
90%
restless
90%
the
90%
The
90%
You're
90%
Army
86%
face
86%
from
86%
go
86%
gutter
86%
Inside
86%
place
86%
Salvation
86%
There
86%
when
86%
find
83%
got
83%
like
83%
Like
83%
river
83%
with
83%
yourself
83%
blades,
79%
blood
79%
for
79%
home
79%
life
79%
love
79%
razor
79%
street
79%
callin'
76%
just
76%
liar
76%
stray
76%
dirty
72%
purgin'
72%
surgin'
72%
choir
69%
fallin'
69%
abandon
66%
junkie
66%
now
66%
or
66%
preachin'
66%
reason
66%
sky
66%
treason
66%
rhyme
62%
sister
59%
charlatans
55%
eyes
55%
getaway
55%
grace
55%
runnin'
55%
saints
55%
tears
55%
way,
55%
will
55%
follow
52%
mascara
52%
sailin'
52%
show
52%
bloodshot
48%
deception
48%
unholy,
48%
always
45%
wake
45%
walkin'
45%
lifeboat
41%
shears
41%
traces
41%
blisters
38%
All
34%
No matching quizzes found
Score Distribution
Percent of People with Each Score
Percentile by Number Answered
Your Score History
You have not taken this quiz